| 000 | 00788nam a22002297a 4500 | ||
|---|---|---|---|
| 999 |
_c10980 _d10980 |
||
| 003 | AR-CdUCM | ||
| 008 | 190402b ||||| |||| 00| 0 spa d | ||
| 040 |
_aMUNICIPALIDAD PROVINCIAL DEL CUSCO _cBIBLIOTECA MUNICIPAL DEL CUSCO |
||
| 082 |
_a869.5 / _bM676R / 1947 |
||
| 100 |
_aMiró Quesada Laos, Carlos _914199 |
||
| 245 | _aRumbo literario del Perú / | ||
| 260 |
_aBuenos Aires : _bEmecé Editores, _c1947. |
||
| 300 |
_a370 páginas ; _c21 cm. |
||
| 500 | _aLibro dañado. | ||
| 505 | _aContenido: Los "cuatro Grandes" -- El inca Garcilaso, el Precursor -- Ricardo Palma el creador ... | ||
| 650 |
_aLiteratura Peruana _9132 |
||
| 650 |
_aHistoria y critica _95993 |
||
| 650 |
_aLiteratura Latinoamericana _9799 |
||
| 650 |
_aPerú _935 |
||
| 942 |
_2ddc _cLIBROS |
||
| 945 | _acmm | ||